Répliques de film #Les3frères - Statistiques

Statistiques générales
  • Ce quiz a été pris 37 fois
  • Le résultat moyen est 6 sur 10
Statistiques - réponses
Hint Réponse % Correct
C'est le mi-mi, c'est le ra-ra, c'est le ____ Miracle
91%
- Votre colin, avec ou sans patate ? - __ ___ ! 100 patates
88%
Deux demi-frères, ça n'a jamais fait un ___ Frère
79%
Comme le disait Timothée Gustave, il faut cultiver la différence, et non l'______ indifférence
62%
Chérie, tu prends ton _____ , on s'en va ! Manteau
62%
J'veux pas être déguisé en ____ salope
59%
Chuuut, y'a ___ qui fait dodo Bambi
41%
Usufruit... ? C'est quoi cette histoire de __ _ ___ ? Jus de fruit
41%
Humour, humour, je _____ précise
35%
Quel genre d'abstrait ? Plutôt Braque ? _____ ? Vasarely
29%
Aucun quiz correspondant
Distribution des résultats
% des personnes avec chaque résultat
Percentile par nombre de réponses
Votre historique - résultats
Vous n’avez pas pris ce quiz